LEADER 01500nam a2200325 a 4500 001 000000125550 003 CaOOAMICUS 005 20110601120651.0 008 110601t2011 it u000 u ita r 020 $a978-88-13-30888-9 040 $aPUL$bita 082 04$a346.45 245 00$a700 c.p.c. :$bstrategie processuali ed ambiti applicativi /$ca cura di Elena Brandolini ; con la collaborazione di Rosa Francaviglia. 260 $aPadova :$bCEDAM,$cİ2011. 300 $aXXXIV, 1044 p. ;$c22 cm +$e1 CD-Rom 490 1 $aIl diritto applicato. I grandi temi 500 $aSul front.: con giurisprudenza per esteso e Formulario su CD. 504 $aInclude riferimenti bibliografici ed indice. 650 4$aDiritto processuale amministrativo.$0(OLS)http://pul/subject/26724 700 1 $aBrandolini, Elena.$0(OLS)http://pul/name/79494 700 1 $aFrancaviglia, Rosa.$0(OLS)http://pul/name/79495 830 3$aIl diritto applicato. I grandi temi.$0(OLS)http://pul/title/137455 850 $aPUL 852 $aPUL$W1$xSL Diritto e Scienze Sociali 3$y79$m346. 45 CASGI 16$j144617$qDDC 21$B143638$CPULBib$Z2$F143638 $H117313 $82 941 1 $a9 996 $6020$a978-88-13-30888-9$9(OLS)http://pul/number/147381 996 $6082$a346.45$9(OLS)http://pul/classification/372 996 $6245$a700 c.p.c. :$bstrategie processuali ed ambiti applicativi$9(OLS)http://pul/title/158319 996 $6260$aPadova :$bCEDAM$9(OLS)http://pul/publisher/48126 LEADER 02182nam a2200409 u 4500 001 000000062621 003 CaOOAMICUS 005 20070226121144.0 008 011003m1999 it u000 u ita u 020 $a8834892410 (v.1) 020 $a8834892429 (v.2) 020 $a8834892437 (v.3) 020 $a883480144X (v.4) 035 $a10905262 040 $aMSA$bita$dPUL 100 1 $aMontesano, Luigi.$0(OLS)http://pul/name/42649 245 10$aDiritto processuale civile /$cLuigi Montesano, Giovanni Arieta. 250 $a3. ed. 260 $aTorino :$bGiappichelli,$c<1999- > ;. 300 $a<4 v > ;$c24 cm 500 $aContiene indici. 504 $aBibliografia in nota. 505 1 $av.1. Le disposizioni generali -- v.2. Il processo di cognizione ordinaria -- v.3. L'esecuzione forzata, I procedimenti contenzionsi sommari, Il rito cautelare uniforme -- v.4. I processi di rito speciale, I procedimenti in Camera di Consiglio, L'arbitrato. 650 4$aDiritto processuale civile.$0(OLS)http://pul/subject/1785 650 4$aProcedura civile.$0(OLS)http://pul/subject/1677 700 1 $aArieta, Giovanni.$0(OLS)http://pul/name/42650 850 $aPUL 852 $aPUL$W1$xDP2 Diritto e Scienze Sociali 2$y100$mUtrCiv E 51.3$j81382$nBK-PRI$b $qStampati altre collocazioni$B81384$CPULBib$Z2$F81384 $H94735 $82 852 $aPUL$W1$xDP2 Diritto e Scienze Sociali 2$y100$mUtrCiv E 51.1$j198489$nBK-PRI$b $qStampati altre collocazioni$B81382$CPULBib$Z2$F81382 $H94733 $82 852 $aPUL$W1$xDP2 Diritto e Scienze Sociali 2$y100$mUtrCiv E 51.2$j198490$nBK-PRI$b $qStampati altre collocazioni$B81383$CPULBib$Z2$F81383 $H94734 $82 941 1 $a10 996 $6020$a8834892410 (v.1)$9(OLS)http://pul/number/81256 996 $6020$a8834892429 (v.2)$9(OLS)http://pul/number/81257 996 $6020$a8834892437 (v.3)$9(OLS)http://pul/number/81258 996 $6020$a883480144X (v.4)$9(OLS)http://pul/number/81259 996 $6245$aDiritto processuale civile$9(OLS)http://pul/title/54747 996 $6260$aTorino :$bGiappichelli$9(OLS)http://pul/publisher/48244